00837nam a22002057a 4500010001500000020002600015020002300041035001300064037001300077082001500090245010300105260004600208270006600254300002600320500005000346520013900396650005200535700002200587700002200609 aENG-112104 a9780199454150c495.00 a0199454159c495.00 aEN-95636 bDBAD/PUB a791.430954 aTravels of Bollywood cinema :cedited by Anjali Gera Roy [and] Chua Beng Huatbfrom Bombay to LA / aNew DelhibOxford University Press c2014 aYMCA Library Building, 1, Jai Singh Road, bNew Delhie110001 axxxi,356p.c23cm(pbk) aIncludes bibliographical references and index a Contributed articles presented in a workshop held at the Asia Research Institute, National University of Singapore, in February 2009. aMotion pictures zIndia x HistoryvCongresses. aRoy, Anjali Gera. a Chua, Beng Huat.